[Event "FRA-chT2 North 0607"]
[Site "France"]
[Date "2007.01.20"]
[Round "5.3"]
[White "Haik, Aldo"]
[Black "Dussart, Frederic"]
[Result "1-0"]
[WhiteElo "2375"]
[BlackElo "2265"]
[PlyCount "88"]
[EventDate "2006.10.15"]
[EventType "team"]
[EventRounds "11"]
[EventCountry "FRA"]
[SourceTitle "EXT 2008"]
[Source "ChessBase"]
[SourceDate "2007.11.25"]
[SourceVersion "1"]
[SourceVersionDate "2007.11.25"]
[SourceQuality "1"]
[WhiteTeam "Noisy le Grand"]
[BlackTeam "Bagneux"]
[WhiteTeamCountry "FRA"]
[BlackTeamCountry "FRA"]

1. d4 d5 2. c4 c6 3. Nc3 Nf6 4. e3 e6 5. Nf3 Nbd7 6. Bd3 dxc4 7. Bxc4 b5 8. Bd3 a6 9. e4 c5 10. d5 c4 11. Bc2 Qc7 12. 0-0 Bc5 13. Qe2 e5 14. Nh4 0-0 15. Kh1 Ne8 16. f4 f6 17. Bd2 exf4 18. Bxf4 Bd6 19. e5 Nxe5 20. Bxe5 Bxe5 21. d6 Nxd6 22. Bxh7+ Kxh7 23. Qh5+ Kg8 24. Nd5 Qb7 25. Ng6 Re8 26. Rxf6 Bxf6 27. Nxf6+ gxf6 28. Qh8+ Kf7 29. Qh7+ Ke6 30. Nf4+ Ke5 31. Re1+ Kd4 32. Rd1+ Kc5 33. Qh5+ Re5 34. b4+ Kxb4 35. Qh4 Qe4 36. Qf2 Nf5 37. h3 Bb7 38. Qd2+ Kc5 39. Qf2+ Qe3 40. Ne6+ Rxe6 41. Qxf5+ Kb6 42. a4 Rg8 43. a5+ Kxa5 44. Ra1+ Kb6 1-0

[Event "FRA-chT2B 0506"]
[Site "France"]
[Date "2005.10.16"]
[Round "1.3"]
[White "Piot, Olivier"]
[Black "Dussart, Frederic"]
[Result "0-1"]
[WhiteElo "2245"]
[BlackElo "2298"]
[PlyCount "80"]
[EventDate "2005.10.27"]
[EventType "team-tourn"]
[EventRounds "11"]
[EventCountry "FRA"]
[SourceTitle "EXT 2006"]
[Source "ChessBase"]
[SourceDate "2005.11.24"]
[SourceVersion "1"]
[SourceVersionDate "2005.11.24"]
[SourceQuality "1"]
[WhiteTeam "Rosny sous Bois"]
[BlackTeam "Bagneux"]
[WhiteTeamCountry "FRA"]
[BlackTeamCountry "FRA"]

1. d4 d5 2. c4 c6 3. Nf3 Nf6 4. e3 e6 5. Nbd2 Nbd7 6. b3 Bd6 7. Bb2 0-0 8. Bd3 Re8 9. Ne5 Qc7 10. f4 dxc4 11. bxc4 c5 12. 0-0 Nf8 13. Rf3 b6 14. Rg3 Bb7 15. Ng4 Nxg4 16. Qxg4 g6 17. dxc5 Qxc5 18. Nb3 Qc7 19. Rh3 Qe7 20. a3 Bc8 21. Bc2 Bd7 22. Nd2 Rac8 23. e4 b5 24. e5 Bc5+ 25. Kh1 Qd8 26. Ne4 Be7 27. c5 Bc6 28. Nf6+ Bxf6 29. exf6 Qd2 30. Rc1 Red8 31. Rg3 Rd5 32. h3 Rxc5 33. Kh2 h5 34. Qh4 Rxc2 35. Rxc2 Qxc2 36. Be5 Kh7 37. f5 exf5 38. Rg5 Qe2 39. Bd6 Ne6 40. Rg3 Be4 0-1

[Event "FRA-chT2 0304"]
[Site "France"]
[Date "2004.01.18"]
[Round "6"]
[White "Dussart, Frederic"]
[Black "Houhou, Olivier"]
[Result "1/2-1/2"]
[WhiteElo "2268"]
[BlackElo "2243"]
[PlyCount "119"]
[EventDate "2003.10.??"]
[EventType "team"]
[EventRounds "11"]
[EventCountry "FRA"]
[SourceTitle "EXT 2005"]
[Source "ChessBase"]
[SourceDate "2004.11.15"]
[SourceVersion "1"]
[SourceVersionDate "2004.11.15"]
[SourceQuality "1"]

1. e4 c5 2. Nf3 e6 3. Qe2 Nc6 4. d3 g6 5. g3 Bg7 6. c3 d6 7. Bg2 Nge7 8. 0-0 0-0 9. Be3 e5 10. Nh4 f5 11. exf5 Nxf5 12. Nxf5 Bxf5 13. Nd2 Qd7 14. Nb3 Rae8 15. Qd2 b6 16. d4 cxd4 17. cxd4 e4 18. Rac1 d5 19. a3 a5 20. Na1 a4 21. b4 axb3 22. Nxb3 Ra8 23. Qb2 Ra4 24. Rc2 Rc8 25. Rfc1 Ne7 26. Nd2 Rxc2 27. Rxc2 Qd6 28. Rc3 Bxd4 29. Bxd4 Rxd4 30. Rb3 Rd3 31. Rxb6 Qxa3 32. Qxa3 Rxa3 33. Kf1 Ra2 34. Ke1 Bg4 35. h3 Ra1+ 36. Nb1 Bf5 37. g4 Bd7 38. Kd2 Kf7 39. Ke3 Nc6 40. f3 Ra2 41. Bf1 exf3 42. Kxf3 Ke6 43. Bd3 Ke5 44. Ke3 Rh2 45. Bf1 Kd6 46. Kf3 Ra2 47. Ke3 d4+ 48. Ke4 Be6 49. Rb5 Rf2 50. Bd3 h5 51. Rg5 Bf7 52. Na3 Ke7 53. Nb5 Rh2 54. gxh5 gxh5 55. Nxd4 Nxd4 56. Kxd4 Rxh3 57. Bf1 Rh1 58. Bg2 Rg1 59. Ke5 h4 60. Rg4 1/2-1/2

[Event "FRA-chT2W 0203"]
[Site "France"]
[Date "2002.11.17"]
[Round "3"]
[White "Larand, Manuel"]
[Black "Dussart, Frederic"]
[Result "1/2-1/2"]
[WhiteElo "2073"]
[BlackElo "2276"]
[PlyCount "35"]
[EventDate "2002.10.??"]
[EventType "team"]
[EventRounds "11"]
[EventCountry "FRA"]
[SourceTitle "EXT 2004"]
[Source "ChessBase"]
[SourceDate "2003.11.25"]
[SourceVersion "1"]
[SourceVersionDate "2003.11.25"]
[SourceQuality "1"]
[WhiteTeam "Poitiers Buxerolles"]
[BlackTeam "Bagneux"]
[WhiteTeamCountry "FRA"]
[BlackTeamCountry "FRA"]

1. c4 Nf6 2. Nc3 c5 3. e4 Nc6 4. g3 d6 5. Bg2 g6 6. Nge2 Bg7 7. 0-0 0-0 8. h3 e5 9. d3 Rb8 10. f4 exf4 11. gxf4 Nh5 12. Be3 f5 13. e5 Re8 14. Nb5 Bf8 15. d4 a6 16. Nbc3 cxd4 17. Nxd4 Nxd4 18. Bxd4 1/2-1/2

[Event "FRA-chT2"]
[Site "France"]
[Date "2002.03.??"]
[Round "9.5"]
[White "Dussart, Frederic"]
[Black "Lagunes, Jean Renaud"]
[Result "1-0"]
[WhiteElo "2259"]
[BlackElo "2112"]
[PlyCount "41"]
[EventDate "2002.??.??"]
[EventType "team"]
[EventRounds "11"]
[EventCountry "FRA"]
[SourceTitle "EXT 2003"]
[Source "ChessBase"]
[SourceDate "2002.11.25"]
[SourceVersion "1"]
[SourceVersionDate "2002.11.25"]
[SourceQuality "1"]

1. e4 d5 2. exd5 Qxd5 3. Nc3 Qa5 4. d4 Nf6 5. Nf3 c6 6. Bc4 Bf5 7. Bd2 e6 8. Qe2 Bb4 9. 0-0-0 b5 10. Bb3 Nbd7 11. Nh4 Bg6 12. Nxg6 hxg6 13. a3 Bxc3 14. Bxc3 Qc7 15. d5 cxd5 16. Bxd5 Nxd5 17. Rxd5 a6 18. Bxg7 Rh4 19. Rhd1 Nb6 20. Rd6 Ke7 21. Qe5 1-0

[Event "Bagneux"]
[Site "Bagneux"]
[Date "1998.??.??"]
[Round "9"]
[White "Bartha, Sandor"]
[Black "Dussart, Frederic"]
[Result "1/2-1/2"]
[WhiteElo "2265"]
[BlackElo "2250"]
[PlyCount "24"]
[EventDate "1998.07.??"]
[EventType "tourn"]
[EventRounds "9"]
[EventCountry "FRA"]
[EventCategory "3"]
[SourceTitle "EXT 1999"]
[Source "ChessBase"]
[SourceDate "1998.11.16"]
[SourceVersion "1"]
[SourceVersionDate "1998.11.16"]
[SourceQuality "1"]

1. d4 d5 2. Nf3 Nf6 3. Bg5 e6 4. Nbd2 Be7 5. e3 Nbd7 6. Bd3 0-0 7. 0-0 c5 8. c3 b6 9. Qb1 Bb7 10. b4 cxb4 11. cxb4 Rc8 12. a3 h6 1/2-1/2

[Event "Bagneux"]
[Site "Bagneux"]
[Date "1998.??.??"]
[Round "8"]
[White "Dussart, Frederic"]
[Black "Fiol, Fabrice"]
[Result "1/2-1/2"]
[WhiteElo "2250"]
[BlackElo "2260"]
[PlyCount "46"]
[EventDate "1998.07.??"]
[EventType "tourn"]
[EventRounds "9"]
[EventCountry "FRA"]
[EventCategory "3"]
[SourceTitle "EXT 1999"]
[Source "ChessBase"]
[SourceDate "1998.11.16"]
[SourceVersion "1"]
[SourceVersionDate "1998.11.16"]
[SourceQuality "1"]

1. e4 c5 2. Nf3 e6 3. d3 Nc6 4. g3 d5 5. Qe2 Nf6 6. Bg2 Be7 7. 0-0 dxe4 8. dxe4 0-0 9. e5 Nd7 10. h4 Qc7 11. Bf4 b6 12. c4 Bb7 13. Nc3 Rad8 14. Rad1 a6 15. h5 h6 16. Rfe1 Ndb8 17. Rxd8 Rxd8 18. Ne4 Nd4 19. Nxd4 Rxd4 20. Qg4 Kf8 21. Qe2 Nd7 22. Nc3 Bxg2 23. Kxg2 Qc6+ 1/2-1/2

[Event "Bagneux"]
[Site "Bagneux"]
[Date "1998.??.??"]
[Round "2"]
[White "Dussart, Frederic"]
[Black "Le Quang, Kim"]
[Result "0-1"]
[WhiteElo "2250"]
[BlackElo "2265"]
[PlyCount "44"]
[EventDate "1998.07.??"]
[EventType "tourn"]
[EventRounds "9"]
[EventCountry "FRA"]
[EventCategory "3"]
[SourceTitle "EXT 1999"]
[Source "ChessBase"]
[SourceDate "1998.11.16"]
[SourceVersion "1"]
[SourceVersionDate "1998.11.16"]
[SourceQuality "1"]

1. e4 c5 2. Nf3 d6 3. d4 cxd4 4. Nxd4 Nf6 5. Nc3 g6 6. Be3 Bg7 7. f3 Nc6 8. Qd2 0-0 9. 0-0-0 d5 10. Kb1 Rb8 11. Nxc6 bxc6 12. Bxa7 Rb7 13. Bd4 dxe4 14. Nxe4 Nxe4 15. fxe4 Rd7 16. c3 e5 17. Bd3 exd4 18. c4 c5 19. h4 Re7 20. Rde1 Re5 21. a3 Qe7 22. g3 Bb7 0-1

[Event "FRA-chJM5"]
[Site "Rochefort"]
[Date "1998.??.??"]
[Round "5"]
[White "Dussart, Frederic"]
[Black "Louis, Jean Philippe"]
[Result "1/2-1/2"]
[WhiteElo "2250"]
[BlackElo "2070"]
[PlyCount "182"]
[EventDate "1998.04.??"]
[EventType "swiss"]
[EventRounds "9"]
[EventCountry "FRA"]
[SourceTitle "EXT 2000"]
[Source "ChessBase"]
[SourceDate "1999.11.16"]
[SourceVersion "1"]
[SourceVersionDate "1999.11.16"]
[SourceQuality "1"]

1. e4 e6 2. d4 d5 3. exd5 exd5 4. c4 Nf6 5. Nc3 c6 6. Bd3 Be7 7. Nge2 dxc4 8. Bxc4 Nbd7 9. 0-0 Nb6 10. Bd3 Bg4 11. f3 Bh5 12. Be3 Bg6 13. Be4 Nbd5 14. Qd2 0-0 15. Bf2 Re8 16. Ng3 Qd7 17. Rad1 Bd6 18. Bxd5 cxd5 19. Nge2 Rad8 20. Bg3 Bxg3 21. Nxg3 Re6 22. Rfe1 Rde8 23. Kf2 Kf8 24. Rxe6 Qxe6 25. Re1 Qxe1+ 26. Qxe1 Rxe1 27. Kxe1 Bd3 28. Kd2 Ba6 29. Ke3 g5 30. Nf5 b6 31. h4 gxh4 32. Nxh4 Ke7 33. g4 Ke6 34. Nf5 Ne8 35. Ng3 Nd6 36. b3 Nb5 37. Nb1 Nd6 38. Nh5 Ne8 39. Nc3 Nc7 40. f4 f6 41. f5+ Kf7 42. Nf4 Bb7 43. Kf3 Ke7 44. Kg3 Bc6 45. Kf3 Kd6 46. Ng2 Be8 47. Kf4 h6 48. Nh4 Bf7 49. Nf3 Ke7 50. Ne1 Kd6 51. Nc2 Be8 52. Nb4 Bf7 53. Nd3 Be8 54. Nf2 Bf7 55. Nh3 Be8 56. Kg3 Bf7 57. Nf4 Ke7 58. Kh3 Kf8 59. Kh4 Kg7 60. Nd3 Kf8 61. Nb4 a5 62. Nd3 Kg7 63. b4 axb4 64. Nxb4 Kf8 65. Nd3 Be8 66. Nf4 Bf7 67. Kg3 Ke7 68. Kf3 Kd6 69. Ke3 Be8 70. Kd3 Bf7 71. Kc2 Be8 72. Kb3 Bf7 73. a4 Be8 74. Nce2 Bf7 75. Ng3 Be8 76. Ngh5 Bxh5 77. Nxh5 Ne8 78. Kb4 Kc6 79. a5 bxa5+ 80. Kxa5 Nd6 81. Nxf6 Nb5 82. Ng8 Nxd4 83. Nxh6 Nf3 84. Kb4 Kd6 85. Kc3 Ke5 86. Ng8 d4+ 87. Kd3 Kf4 88. f6 Kxg4 89. Ke4 d3 90. Kxd3 Kf5 91. Kc4 Ke6 1/2-1/2

[Event "Bagneux"]
[Site "Bagneux"]
[Date "1998.??.??"]
[Round "6"]
[White "Dussart, Frederic"]
[Black "Marcelin, Cyril"]
[Result "1/2-1/2"]
[WhiteElo "2250"]
[BlackElo "2375"]
[PlyCount "98"]
[EventDate "1998.07.??"]
[EventType "tourn"]
[EventRounds "9"]
[EventCountry "FRA"]
[EventCategory "3"]
[SourceTitle "EXT 1999"]
[Source "ChessBase"]
[SourceDate "1998.11.16"]
[SourceVersion "1"]
[SourceVersionDate "1998.11.16"]
[SourceQuality "1"]

1. e4 e5 2. Nf3 d6 3. d4 exd4 4. Nxd4 Nf6 5. Nc3 Be7 6. Be2 0-0 7. 0-0 Nc6 8. Be3 Bd7 9. f4 Re8 10. Bf3 Bf8 11. Re1 Nxd4 12. Bxd4 c5 13. Bxf6 Qxf6 14. Nd5 Qd8 15. a4 Bc6 16. c3 Rb8 17. Qd2 a6 18. h3 Qh4 19. Kh2 Bxd5 20. g3 Qf6 21. Qxd5 b5 22. axb5 Rxb5 23. Re2 Reb8 24. Ra2 R5b6 25. Rd2 a5 26. Be2 g6 27. Bc4 Bg7 28. Kg2 h5 29. Rf2 R8b7 30. Qd3 a4 31. Bd5 Rb8 32. Qc4 a3 33. bxa3 Rb1 34. e5 dxe5 35. fxe5 Qxe5 36. Bxf7+ Kh7 37. Qd3 Qg5 38. h4 Qg4 39. Rae2 R8b7 40. Rf4 Qxe2+ 41. Qxe2 R1b2 42. Qxb2 Rxb2+ 43. Rf2 Bxc3 44. Rxb2 Bxb2 45. a4 Bc3 46. Bc4 Be1 47. Kf3 Kg7 48. Bd3 Kf6 49. Kf4 Ba5 1/2-1/2

[Event "Argenteuil"]
[Site "Argenteuil"]
[Date "1997.??.??"]
[Round "9"]
[White "Dussart, Frederic"]
[Black "Nikcevic, Nebojsa"]
[Result "0-1"]
[WhiteElo "2265"]
[BlackElo "2525"]
[PlyCount "72"]
[EventDate "1997.10.25"]
[EventType "tourn"]
[EventRounds "9"]
[EventCountry "FRA"]
[EventCategory "4"]
[SourceTitle "CBM 062 Extra"]
[Source "ChessBase"]
[SourceDate "1998.03.09"]
[SourceVersion "1"]
[SourceVersionDate "1998.03.09"]
[SourceQuality "1"]

1. e4 e5 2. Nf3 Nc6 3. Bb5 a6 4. Ba4 b5 5. Bb3 Na5 6. 0-0 d6 7. d4 f6 8. Be3 Ne7 9. c3 Nxb3 10. Qxb3 Ng6 11. a4 Bd7 12. axb5 axb5 13. Na3 Rb8 14. Rfd1 Be7 15. Nc2 Bg4 16. Nce1 Qc8 17. Ra7 Be6 18. d5 Bd7 19. Nd2 0-0 20. Nd3 Nh4 21. Nf1 f5 22. exf5 Rxf5 23. Ng3 Rf7 24. Ne1 Bd8 25. Rda1 Be8 26. Qb4 Ng6 27. Qe4 Rf8 28. Rd1 Ra8 29. Rxa8 Qxa8 30. Nf3 Bf7 31. Bg5 h6 32. Bxd8 Qxd8 33. Qg4 Nf4 34. Nf5 Qf6 35. Ne3 Bh5 36. Qd7 Nxg2 0-1